[Event "Valencia-chT Honor"]
[Site "Valencia"]
[Date "2009.01.17"]
[Round "2.4"]
[White "Torres Garrigos, David"]
[Black "Salvador Lopez, Daniel"]
[Result "1/2-1/2"]
[WhiteElo "2165"]
[BlackElo "2162"]
[PlyCount "34"]
[EventDate "2009.01.10"]
[EventType "team"]
[EventRounds "5"]
[EventCountry "ESP"]
[SourceTitle "EXT 2010"]
[Source "ChessBase"]
[SourceDate "2010.11.25"]
[SourceVersion "1"]
[SourceVersionDate "2010.11.25"]
[SourceQuality "1"]
[WhiteTeam "Ateneo Maritimo"]
[BlackTeam "Manises Eva"]
[WhiteTeamCountry "ESP"]
[BlackTeamCountry "ESP"]

1. Nf3 Nf6 2. g3 g6 3. Bg2 Bg7 4. 0-0 c5 5. c4 Nc6 6. Nc3 0-0 7. d4 cxd4 8. Nxd4 Nxd4 9. Qxd4 d6 10. Qd2 Rb8 11. b3 a6 12. Bb2 Bd7 13. Rfd1 Qb6 14. e3 Rfc8 15. Nd5 Nxd5 16. Bxg7 Kxg7 17. cxd5 f6 1/2-1/2

[Event "Valencia-chT Honor"]
[Site "Valencia"]
[Date "2009.01.10"]
[Round "1.4"]
[White "Salgado Allaria, Carlos Fernando"]
[Black "Torres Garrigos, David"]
[Result "0-1"]
[WhiteElo "2366"]
[BlackElo "2165"]
[PlyCount "40"]
[EventDate "2009.01.10"]
[EventType "team"]
[EventRounds "5"]
[EventCountry "ESP"]
[SourceTitle "EXT 2010"]
[Source "ChessBase"]
[SourceDate "2010.11.25"]
[SourceVersion "1"]
[SourceVersionDate "2010.11.25"]
[SourceQuality "1"]
[WhiteTeam "Silla"]
[BlackTeam "Ateneo Maritimo"]
[WhiteTeamCountry "ESP"]
[BlackTeamCountry "ESP"]

1. d4 e6 2. e4 d5 3. Nd2 dxe4 4. Nxe4 Nd7 5. Nf3 Ngf6 6. Nxf6+ Nxf6 7. Bg5 h6 8. Bh4 c5 9. dxc5 Qxd1+ 10. Rxd1 Bxc5 11. Bb5+ Ke7 12. Ne5 g5 13. Bg3 Ne4 14. f3 Nxg3 15. hxg3 Bb6 16. f4 Bc7 17. 0-0 a6 18. Be2 h5 19. Rd2 h4 20. Nf3 hxg3 0-1

[Event "ESP-chT Gp1"]
[Site "Burguillos"]
[Date "2008.08.16"]
[Round "5"]
[White "Torres Garrigos, David"]
[Black "Diaz Montenegro, Ignacio"]
[Result "1-0"]
[WhiteElo "2180"]
[BlackElo "2002"]
[PlyCount "53"]
[EventDate "2008.08.13"]
[EventType "team-tourn"]
[EventRounds "6"]
[EventCountry "ESP"]
[SourceTitle "CBM 126 Extra"]
[Source "ChessBase"]
[SourceDate "2008.11.05"]
[SourceVersion "1"]
[SourceVersionDate "2008.11.05"]
[SourceQuality "1"]

1. d4 d5 2. c4 c6 3. Nc3 e6 4. e4 dxe4 5. Nxe4 Nf6 6. Nxf6+ Qxf6 7. Nf3 Bb4+ 8. Bd2 Bxd2+ 9. Qxd2 0-0 10. Bd3 Nd7 11. 0-0-0 Rd8 12. Rhe1 b6 13. Be4 Bb7 14. g4 Nc5 15. Qe3 Nxe4 16. Qxe4 Qe7 17. Re3 a5 18. h4 a4 19. Ng5 g6 20. Rf3 Rf8 21. Qe5 Ra5 22. c5 Qd8 23. Ne4 Qb8 24. Nf6+ Kh8 25. Qg5 Kg7 26. Nh5+ Kg8 27. Qf6 1-0

[Event "ESP-chT Gp1"]
[Site "Burguillos"]
[Date "2008.08.15"]
[Round "4"]
[White "Torres Garrigos, David"]
[Black "Penades Ordaz, Victor"]
[Result "1/2-1/2"]
[WhiteElo "2180"]
[BlackElo "2172"]
[PlyCount "32"]
[EventDate "2008.08.13"]
[EventType "team-tourn"]
[EventRounds "6"]
[EventCountry "ESP"]
[SourceTitle "CBM 126 Extra"]
[Source "ChessBase"]
[SourceDate "2008.11.05"]
[SourceVersion "1"]
[SourceVersionDate "2008.11.05"]
[SourceQuality "1"]

1. e4 c5 2. Nf3 Nc6 3. Nc3 g6 4. Bb5 Bg7 5. 0-0 Nf6 6. Re1 0-0 7. e5 Ng4 8. Bxc6 dxc6 9. h3 Nh6 10. d3 Nf5 11. Ne4 b6 12. Bf4 Nd4 13. Nfd2 Ne6 14. Bg3 Bh6 15. Nc4 Ba6 16. b3 Bxc4 1/2-1/2

[Event "ESP-chT Gp1"]
[Site "Burguillos"]
[Date "2008.08.13"]
[Round "1"]
[White "Andres Gonzalez, Ivan"]
[Black "Torres Garrigos, David"]
[Result "1-0"]
[WhiteElo "2314"]
[BlackElo "2180"]
[PlyCount "91"]
[EventDate "2008.08.13"]
[EventType "team-tourn"]
[EventRounds "6"]
[EventCountry "ESP"]
[SourceTitle "CBM 126 Extra"]
[Source "ChessBase"]
[SourceDate "2008.11.05"]
[SourceVersion "1"]
[SourceVersionDate "2008.11.05"]
[SourceQuality "1"]

1. e4 g6 2. d4 Bg7 3. Nc3 Nc6 4. Nf3 d6 5. Bc4 Nf6 6. 0-0 0-0 7. d5 Nb8 8. h3 c6 9. Bb3 Qc7 10. Re1 Nbd7 11. Bf4 Ne5 12. Nxe5 dxe5 13. Bg5 Rd8 14. Qe2 Ne8 15. Rad1 Nd6 16. dxc6 bxc6 17. Na4 c5 18. c4 Bb7 19. f3 f5 20. Qf2 fxe4 21. Nxc5 e3 22. Bxe3 Bc8 23. Bg5 Kh8 24. Ne4 Nf5 25. Qc5 Qxc5+ 26. Nxc5 Rxd1 27. Rxd1 h6 28. Rd8+ Kh7 29. Bd2 e4 30. Nxe4 Bxb2 31. Be1 Bb7 32. Rd2 Ba3 33. Bf2 Bc6 34. c5 Rc8 35. g4 Ng7 36. Bd5 Bb5 37. Rc2 Bd3 38. Rc3 Bxe4 39. Bxe4 Bb4 40. Rc4 a5 41. Bb7 Rc7 42. c6 Ne6 43. Bb6 Kg7 44. Kf1 Kf6 45. Re4 Bd6 46. Bxa5 1-0

[Event "Cullera op 23rd"]
[Site "Valencia"]
[Date "2002.07.24"]
[Round "7.10"]
[White "Barria Zuniga, Daniel"]
[Black "Torres Garrigos, David"]
[Result "0-1"]
[WhiteElo "2391"]
[BlackElo "2218"]
[PlyCount "84"]
[EventDate "2002.07.18"]
[EventType "swiss"]
[EventRounds "9"]
[EventCountry "ESP"]
[SourceTitle "CBM 089 Extra"]
[Source "ChessBase"]
[SourceDate "2002.09.10"]
[SourceVersion "2"]
[SourceVersionDate "2002.09.10"]
[SourceQuality "1"]

1. e4 e5 2. Nf3 Nc6 3. Bb5 Nf6 4. 0-0 Nxe4 5. d4 Nd6 6. Bxc6 dxc6 7. dxe5 Nf5 8. Qxd8+ Kxd8 9. Rd1+ Ke8 10. h3 a5 11. a4 h5 12. Nc3 Be7 13. Ne2 Be6 14. Nf4 Rd8 15. Bd2 b6 16. Nxe6 fxe6 17. Bf4 h4 18. Rxd8+ Kxd8 19. Ng5 Bxg5 20. Bxg5+ Kc8 21. Rd1 c5 22. c3 Rf8 23. Kh2 Nh6 24. Bxh4 Rf4 25. Rd8+ Kb7 26. g4 Rxa4 27. Rd7 Ra2 28. Rxg7 Rxb2 29. Bg5 a4 30. Bxh6 a3 31. Bc1 Rxf2+ 32. Kg3 a2 33. Kxf2 a1Q 34. Bd2 Qh1 35. Kg3 Qg1+ 36. Kf3 Qf1+ 37. Ke4 Qxh3 38. Be3 Kc6 39. Kf4 Qh6+ 40. Rg5 Kd5 41. Kg3 Ke4 42. Bf4 Qh1 0-1

[Event "Cullera op 23rd"]
[Site "Valencia"]
[Date "2002.07.19"]
[Round "2"]
[White "Torres Garrigos, David"]
[Black "Blasco, Luis"]
[Result "1-0"]
[WhiteElo "2218"]
[BlackElo "2003"]
[PlyCount "89"]
[EventDate "2002.07.18"]
[EventType "swiss"]
[EventRounds "9"]
[EventCountry "ESP"]
[SourceTitle "CBM 089 Extra"]
[Source "ChessBase"]
[SourceDate "2002.09.10"]
[SourceVersion "2"]
[SourceVersionDate "2002.09.10"]
[SourceQuality "1"]

1. d4 Nf6 2. Bg5 e6 3. Nd2 Be7 4. e3 d5 5. Bd3 Nbd7 6. f4 c5 7. c3 Ng8 8. Bxe7 Nxe7 9. Nh3 Qb6 10. Rb1 g6 11. Nf3 f5 12. 0-0 Nf6 13. Ne5 Nc6 14. Qe1 cxd4 15. exd4 Ne4 16. Bxe4 dxe4 17. Qh4 Nxe5 18. fxe5 Qd8 19. Qxd8+ Kxd8 20. g4 b5 21. g5 Bb7 22. Nf4 Ke7 23. Kf2 Rag8 24. Ke3 h6 25. h4 Kf7 26. Rh1 h5 27. b3 Rc8 28. c4 bxc4 29. bxc4 Ba6 30. Rhc1 Rc7 31. d5 Rhc8 32. dxe6+ Kg7 33. Nd5 Rxc4 34. Rxc4 Rxc4 35. Rb8 Rc8 36. Rxc8 Bxc8 37. Nf4 Ba6 38. Kd4 Bb5 39. Kc5 Be8 40. Nd5 Kf8 41. Kd6 Ba4 42. e7+ Kg7 43. e6 Bb5 44. Ke5 Ba4 45. Kf4 1-0

[Event "Mislata op 10th"]
[Site "Mislata"]
[Date "2001.08.28"]
[Round "9.14"]
[White "Torres Garrigos, David"]
[Black "Rodriguez Rodriguez, Antonio"]
[Result "1-0"]
[WhiteElo "2077"]
[BlackElo "2276"]
[PlyCount "87"]
[EventDate "2001.08.20"]
[EventType "swiss"]
[EventRounds "9"]
[EventCountry "ESP"]
[SourceTitle "EXT 2002"]
[Source "ChessBase"]
[SourceDate "2001.11.25"]
[SourceVersion "1"]
[SourceVersionDate "2001.11.25"]
[SourceQuality "1"]

1. e4 g6 2. d4 Bg7 3. Nc3 Nc6 4. d5 Nb8 5. g3 d6 6. Bg2 Nf6 7. Nge2 0-0 8. h3 a6 9. a4 a5 10. Be3 e5 11. dxe6 fxe6 12. Qd2 Nc6 13. Rd1 e5 14. Nd5 Be6 15. Nxf6+ Qxf6 16. 0-0 Qe7 17. b3 Rf7 18. Kh2 Raf8 19. c4 b6 20. Bg5 Qe8 21. Be3 h5 22. f3 Kh7 23. Rf2 Nb4 24. Nc3 Qd8 25. Rff1 Nc6 26. Ne2 Qd7 27. Rf2 Bf6 28. Rh1 Rg8 29. Kg1 Rh8 30. Rh2 Qd8 31. Bf1 Qe7 32. Nc1 g5 33. g4 Nd4 34. Bxd4 exd4 35. Nd3 Be5 36. Nxe5 dxe5 37. Be2 Kg6 38. Bd1 Rf4 39. Rfg2 Qa3 40. Qb2 Qc5 41. Qf2 c6 42. gxh5+ Rxh5 43. Qg3 Rhh4 44. Qxg5+ 1-0